Hrejte mi polka /
| Main Author: | Lamp, Rudolf, 1905-1967 |
|---|---|
| Other Authors: | Poupě, František, 1902-1981 |
| Language: | Czech |
| Published: |
Praha : Šváb, 1936 |
| Series: |
Malý kabaret
|
| Physical Description: |
1 sv. (nestránkován) |
| LEADER | 00849ncm a22002652a 4500 | ||
|---|---|---|---|
| 001 | 000444667 | ||
| 003 | CZ BrMZK | ||
| 005 | 20110120145014.0 | ||
| 007 | qu | ||
| 008 | 990305s1936 xr f cze d | ||
| 040 | |a BOA001 |b cze | ||
| 072 | 7 | |a 784 |x Vokální hudba |2 Konspekt |9 9 | |
| 100 | 1 | |a Lamp, Rudolf, |d 1905-1967 |7 xx0092091 |4 cmp | |
| 245 | 1 | 0 | |a Hrejte mi |h [hudebnina] : |b polka / |c Rudolf Lamp. Válenda / F. Poupě |
| 260 | |a Praha : |b Šváb, |c 1936 | ||
| 300 | |a 1 sv. (nestránkován) | ||
| 490 | 1 | |a Malý kabaret ; |v č. 228 | |
| 500 | |a Jednohlasý zpěv | ||
| 700 | 1 | |a Poupě, František, |d 1902-1981 |7 jk01100826 |4 cmp | |
| 740 | 0 | 2 | |a Válenda |
| 830 | 0 | |a Malý kabaret | |
| 910 | |a BOA001 |b Mus1-0577.668 | ||
| 990 | |a MU | ||
| 991 | |b 200911 | ||
| 996 | 6 | |b 2619768370 |c Mus1-0577.668 |l MZK |r Sklad / do 1 hodiny |n 2 |w 000444667 |u 000010 |a 1 |e BOA001 |j MZK50 |s P | |
English
Čeština 